Chăm sóc sức khỏe người lớn bệnh lý tim mạch : Giáo trình giảng dạy đại học

Giáo trình "Chăm sóc sức khỏe người lớn bệnh lý tim mạch" được biên soạn nhằm hỗ trợ sinh viên cử nhân điều dưỡng tiếp cận thông tin cập nhật về chủ đề lâm sàng liên quan đến chăm sóc người có bệnh lý tim mạch....

Täydet tiedot

Tallennettuna:
Bibliografiset tiedot
Päätekijä: Huỳnh Thụy Phương Hồng (Chủ biên)
Muut tekijät: Trần Thụy Khánh Linh (Đồng chủ biên), Lê Minh Khôi (Biên soạn), Lâm Lệ Trinh (Biên soạn), Lê Thị Minh Tâm (Biên soạn)
Aineistotyyppi: Kirja
Kieli:Vietnamese
Julkaistu: H. Y học 2021
Aiheet:
Tagit: Lisää tagi
Ei tageja, Lisää ensimmäinen tagi!
Thư viện lưu trữ: Thư viện Trường Đại học Nam Cần Thơ
LEADER 02128nam a22003017a 4500
001 NCT_4_012774
008 240914b xxu||||| |||| 00| 0 vie d
999 |c 8602  |d 8602 
020 |a 978604664785  |c 300000 
082 0 4 |2 23rd ed.  |a 616.10231  |b H455 
100 1 |a Huỳnh Thụy Phương Hồng  |e Chủ biên 
245 1 0 |a Chăm sóc sức khỏe người lớn bệnh lý tim mạch  |b : Giáo trình giảng dạy đại học  |c Huỳnh Thụy Phương Hồng 
260 |a H.  |b Y học  |c 2021 
300 |a 171 tr.  |b Minh họa  |c 27cm 
500 |a ĐTTS ghi: Đại học Y dược Thành phố Hồ Chí Minh - Bộ môn Điều dưỡng 
520 3 |a Giáo trình "Chăm sóc sức khỏe người lớn bệnh lý tim mạch" được biên soạn nhằm hỗ trợ sinh viên cử nhân điều dưỡng tiếp cận thông tin cập nhật về chủ đề lâm sàng liên quan đến chăm sóc người có bệnh lý tim mạch. 
653 |a Điều dưỡng 
700 |a Trần Thụy Khánh Linh  |e Đồng chủ biên 
700 |a Lê Minh Khôi  |e Biên soạn 
700 |a Lâm Lệ Trinh  |e Biên soạn 
700 |a Lê Thị Minh Tâm  |e Biên soạn 
942 |2 ddc  |c BK 
952 |0 0  |1 0  |2 ddc  |4 0  |6 616_102310000000000_H455  |7 0  |9 29466  |a 000001  |b 000001  |d 2024-09-14  |o 616.10231 H455  |p MD.22720  |r 2024-09-14  |w 2024-09-14  |y BK 
952 |0 0  |1 0  |2 ddc  |4 0  |6 616_102310000000000_H455  |7 0  |9 29467  |a 000001  |b 000001  |d 2024-09-14  |o 616.10231 H455  |p MD.22721  |r 2024-09-14  |w 2024-09-14  |y BK 
952 |0 0  |1 0  |2 ddc  |4 0  |6 616_102310000000000_H455  |7 0  |9 29468  |a 000001  |b 000001  |d 2024-09-14  |l 3  |m 1  |o 616.10231 H455  |p MD.22722  |q 2025-03-27  |r 2025-02-25  |s 2025-02-25  |w 2024-09-14  |y BK 
952 |0 0  |1 0  |2 ddc  |4 0  |6 616_102310000000000_H455  |7 0  |9 29469  |a 000001  |b 000001  |d 2024-09-14  |o 616.10231 H455  |p MD.22723  |r 2024-09-14  |w 2024-09-14  |y BK 
952 |0 0  |1 0  |2 ddc  |4 0  |6 616_102310000000000_H455  |7 0  |9 29470  |a 000001  |b 000001  |d 2024-09-14  |o 616.10231 H455  |p MD.22724  |r 2024-09-14  |w 2024-09-14  |y BK 
980 |a Thư viện Trường Đại học Nam Cần Thơ